LEADER 01184nam0-2200385---450- 001 990008146230403321 005 20130516115629.0 010 $a88-470-0256-7 035 $a000814623 035 $aFED01000814623 035 $a(Aleph)000814623FED01 035 $a000814623 100 $a20050708d2004----km-y0itay50------ba 101 0 $aita 102 $aIT 105 $aa-------001yy 200 1 $aIntroduzione al calcolo scientifico$eesercizi e problemi risolti con MATLAB$fAlfio Quarteroni, Fausto Saleri 205 $a2. ed. 210 $aMilano$cSpringer Verlag$dc2004 215 $aIX, 263 p.$cill.$d24 cm 610 0 $aCalcolo numerico$aProgrammi per microelaboratori 610 0 $aMicroelaboratori elettronici$aProgrammi MATLAB 676 $a519.402855369 700 1$aQuarteroni,$bAlfio$f<1952- >$08375 701 1$aSaleri,$bFausto$022728 801 0$aIT$bUNINA$gRICA$2UNIMARC 901 $aBK 912 $a990008146230403321 952 $a13 61 04$b14474$fFINBC 952 $a13 H 53 13$b14605$fFINBC 952 $a23 04 E 10$b14604$fFINAG 959 $aFINBC 959 $aFINAG 996 $aIntroduzione al calcolo scientifico$9103992 997 $aUNINA LEADER 01109nam 2200409 450 001 9910794461803321 005 20210327204717.0 010 $a1-78914-283-0 035 $a(CKB)4100000011689718 035 $a(MiAaPQ)EBC6437595 035 $a(EXLCZ)994100000011689718 100 $a20210327d2021 uy 0 101 0 $aeng 135 $aurcnu|||||||| 181 $ctxt$2rdacontent 182 $cc$2rdamedia 183 $acr$2rdacarrier 200 10$aCherry /$fConstance L. Kirker, Mary Newman 210 1$aLondon, England :$cReaktion Books,$d[2021] 210 4$dİ2021 215 $a1 online resource (209 pages) $cillustrations 311 $a1-78914-282-2 320 $aIncludes bibliographical references and index. 606 $aCherry 606 $aCherry$xHistory 615 0$aCherry. 615 0$aCherry$xHistory. 676 $a634.23 700 $aKirker$b Constance L.$01250464 702 $aNewman$b Mary 801 0$bMiAaPQ 801 1$bMiAaPQ 801 2$bMiAaPQ 906 $aBOOK 912 $a9910794461803321 996 $aCherry$93808105 997 $aUNINA